| 000 | 00378 a2200169 4500 | ||
|---|---|---|---|
| 001 | 71797 | ||
| 020 | _a8532206395 | ||
| 040 | _cAnchieta - Colégio São Paulo | ||
| 100 | _aMorales, Marina Unica | ||
| 240 | 1 | 0 |
_aO bom samaritano _lpor |
| 245 | 1 | 0 | _aO bom samaritano |
| 300 | _a16 | ||
| 362 | 0 | _a1992 | |
| 440 | 1 | _aFTD | |
| 650 | 4 | _aLiteratura infanto-juvenil | |
| 942 | _cBK | ||
| 999 |
_c71797 _d71797 |
||